[Event "FRA Team Ch"]
[Site "VANDOEUVRE"]
[Date "2002.??.??"]
[Round "6.6"]
[White "Szabolcsi, Janos"]
[Black "Doornbos, Yann"]
[Result "1-0"]
[WhiteElo "2429"]
[BlackElo "2334"]
[PlyCount "129"]
[EventDate "2002.03.??"]
[WhiteTeam "Strasbourg"]
[BlackTeam "Drancy"]

1. d4 Nf6 2. c4 c6 3. Nf3 d5 4. Nbd2 Bf5 5. g3 h6 6. Bg2 e6 7. O-O Nbd7 8. b3
Be7 9. Bb2 O-O 10. Ne5 Qa5 11. Nxd7 Nxd7 12. f3 Rad8 13. a3 Bh7 14. b4 Qc7 15.
Qb3 b5 16. c5 e5 17. a4 a6 18. axb5 axb5 19. Ra6 Bg5 20. e3 exd4 21. Bxd4 Bf6
22. Qc3 Bxd4 23. Qxd4 Ra8 24. Rfa1 Rxa6 25. Rxa6 Re8 26. Nb3 Qc8 27. Ra7 Ne5
28. Qf4 g5 29. Qd4 Qf5 30. Qd1 Nc4 31. e4 dxe4 32. fxe4 Qf6 33. Qa1 Ne5 34. Nd4
Rd8 35. Nxc6 Qxc6 36. Qxe5 Rd1+ 37. Kf2 Rd2+ 38. Kf1 Bg6 39. g4 Kh7 40. h3 Rd1+
41. Ke2 Rd8 42. Bf3 Re8 43. Re7 Rxe7 44. Qxe7 Qa8 45. Kf2 Qa2+ 46. Be2 Qd2 47.
Qe5 Qxb4 48. c6 Qb3 49. Qxb5 Qxh3 50. Qe5 Qh4+ 51. Ke3 Qe1 52. c7 Qc1+ 53. Kf2
Qc2 54. Qe7 Kg7 55. Qd7 Qc5+ 56. Kf3 Qc1 57. Bd3 Qd1+ 58. Ke3 Qe1+ 59. Kd4 Qb4+
60. Kd5 Qb3+ 61. Kc5 Qc3+ 62. Kb6 Qb2+ 63. Ka7 Qa2+ 64. Kb8 Qb2+ 65. Qb5 1-0

[Event "FRA Team Ch"]
[Site "VANDOEUVRE"]
[Date "2002.??.??"]
[Round "6.7"]
[White "Giffard, Nicolas"]
[Black "Mensch, Etienne"]
[Result "1/2-1/2"]
[WhiteElo "2303"]
[BlackElo "2380"]
[PlyCount "96"]
[EventDate "2002.03.??"]
[WhiteTeam "Drancy"]
[BlackTeam "Strasbourg"]

1. Nf3 Nf6 2. c4 g6 3. b3 c5 4. Bb2 Bg7 5. e3 O-O 6. Be2 d6 7. O-O b6 8. Nc3
Bb7 9. d4 Ne4 10. Nxe4 Bxe4 11. Qd2 Nd7 12. d5 Bxb2 13. Qxb2 Bxf3 14. Bxf3 Qc7
15. Be2 Rfb8 16. Rfd1 a6 17. a4 Qd8 18. f4 Qf8 19. Ra2 Nf6 20. Qc2 h6 21. Bf3
Ne8 22. g3 Nc7 23. Rda1 Qg7 24. Qd2 b5 25. axb5 axb5 26. Rxa8 Nxa8 27. Ra7 bxc4
28. bxc4 Qf6 29. Qa2 Nb6 30. Be2 Qc3 31. Kf2 Kf8 32. Qb1 f5 33. Qb5 Qb4 34. Qa6
Qb1 35. Rb7 Rxb7 36. Qxb7 Kf7 37. h3 Qb2 38. Qa6 Nd7 39. g4 fxg4 40. hxg4 Nf6
41. Qc8 Ne4+ 42. Kf3 Nc3 43. Bd3 Qh2 44. Qe6+ Kf8 45. Qc8+ Kg7 46. Qe6 Qh3+ 47.
Kf2 Qh4+ 48. Kf3 Qh3+ 1/2-1/2

[Event "FRA Team Ch"]
[Site "VANDOEUVRE"]
[Date "2002.??.??"]
[Round "6.8"]
[White "Roos, Jean-Luc"]
[Black "Moracchini, Fabrice"]
[Result "1/2-1/2"]
[WhiteElo "2302"]
[BlackElo "2311"]
[PlyCount "128"]
[EventDate "2002.03.??"]
[WhiteTeam "Strasbourg"]
[BlackTeam "Drancy"]

1. d4 Nf6 2. c4 g6 3. Nf3 Bg7 4. Nc3 O-O 5. g3 c6 6. Bg2 d5 7. cxd5 cxd5 8. O-O
Nc6 9. Ne5 Ng4 10. f4 Ngxe5 11. fxe5 e6 12. b3 f6 13. exf6 Rxf6 14. Rxf6 Qxf6
15. e3 Nxd4 16. Bb2 Nf5 17. Qd3 Qg5 18. Re1 Ne7 19. e4 d4 20. Nb5 Nc6 21. e5
Nxe5 22. Qe4 Nf3+ 23. Bxf3 Qxb5 24. Bxd4 Bxd4+ 25. Qxd4 Bd7 26. a4 Qa5 27. Rd1
Bc6 28. Bxc6 bxc6 29. Qc4 Qb6+ 30. Kg2 c5 31. Re1 Re8 32. Re5 Qb7+ 33. Kg1 Qf7
34. Rxc5 Rd8 35. Rc8 Rxc8 36. Qxc8+ Kg7 37. Qc3+ Kg8 38. b4 Qd7 39. Qb3 Qd4+
40. Kf1 Qe4 41. Kf2 Qf5+ 42. Kg1 Qe4 43. Kf2 Qf5+ 44. Ke3 Qe5+ 45. Kd3 Qe1 46.
b5 Kf7 47. Qc2 Qa5 48. Qf2+ Ke7 49. Qd4 Kf7 50. Kc2 e5 51. Qc4+ Kf6 52. Kb3 Kf5
53. Qd3+ Ke6 54. Qe4 Qd2 55. Qg4+ Kd6 56. Qb4+ Qxb4+ 57. Kxb4 Kd5 58. a5 e4 59.
Kc3 Kc5 60. b6 axb6 61. axb6 Kxb6 62. Kd4 Kc6 63. Kxe4 Kd6 64. Kf4 h6 1/2-1/2

[Event "FRA Team Ch"]
[Site "VANDOEUVRE"]
[Date "2002.??.??"]
[Round "6.9"]
[White "Barakoff, Annie"]
[Black "Fruteau, Sabine"]
[Result "0-1"]
[WhiteElo "1810"]
[BlackElo "2107"]
[PlyCount "90"]
[EventDate "2002.03.??"]
[WhiteTeam "Drancy"]
[BlackTeam "Strasbourg"]

1. c4 e5 2. Nc3 d6 3. g3 Nf6 4. Bg2 Nbd7 5. b4 a5 6. b5 Nb6 7. d3 d5 8. cxd5
Nfxd5 9. Bd2 Be6 10. Nxd5 Bxd5 11. Nf3 f6 12. O-O Bb4 13. a3 Bxd2 14. Qxd2 O-O
15. a4 c5 16. bxc6 Bxc6 17. Qc2 Kh8 18. Rfb1 Rc8 19. Qb3 Nd5 20. Nd2 Nb4 21.
Nc4 b6 22. Qd1 Bxg2 23. Kxg2 e4 24. Nb2 e3 25. fxe3 Nc2 26. Qd2 Re8 27. Nd1
Nxa1 28. Rxa1 Qd5+ 29. Kg1 Qb3 30. e4 Rc2 31. Qe3 Qe6 32. Rb1 Rec8 33. Nf2 Qa2
34. Qxb6 Rxe2 35. Rf1 Qxa4 36. Qb7 Rec2 37. Qa7 h6 38. Nh3 R2c7 39. Qe3 Qd7 40.
Nf4 Rc2 41. e5 fxe5 42. Qxe5 Re8 43. Ng6+ Kg8 44. Qh5 Qd4+ 45. Kh1 Qxd3 0-1

[Event "FRA Team Ch"]
[Site "SAUTRON"]
[Date "2002.??.??"]
[Round "6.1"]
[White "Shirov, Alexei"]
[Black "Nikolaidis, Ioannis"]
[Result "1-0"]
[WhiteElo "2715"]
[BlackElo "2527"]
[PlyCount "61"]
[EventDate "2002.03.??"]
[WhiteTeam "Monaco"]
[BlackTeam "Nice"]

1. e4 g6 2. d4 Bg7 3. Nc3 d6 4. f4 Nc6 5. Be3 Nf6 6. Nf3 e6 7. e5 Nd5 8. Nxd5
exd5 9. Bd3 Nb4 10. Bb5+ Bd7 11. Bxd7+ Qxd7 12. O-O Nc6 13. Qd3 O-O-O 14. Rae1
f6 15. exd6 Qxd6 16. f5 g5 17. Bf2 Rhe8 18. Nd2 Qd7 19. Qh3 Rxe1 20. Rxe1 h5
21. Nf1 Re8 22. Re6 Nd8 23. Rxe8 Qxe8 24. Qf3 c6 25. h4 Bh6 26. Qa3 gxh4 27.
Bxh4 Qe4 28. Bxf6 Qxf5 29. Bxd8 Bg7 30. Bh4 Bxd4+ 31. Ne3 1-0

[Event "FRA Team Ch"]
[Site "SAUTRON"]
[Date "2002.??.??"]
[Round "6.5"]
[White "Bauer, Christian"]
[Black "Sharif, Mehrshad"]
[Result "1/2-1/2"]
[WhiteElo "2578"]
[BlackElo "2476"]
[PlyCount "88"]
[EventDate "2002.03.??"]
[WhiteTeam "Monaco"]
[BlackTeam "Nice"]

1. e4 e6 2. d4 d5 3. Nd2 Be7 4. Ngf3 Nf6 5. e5 Nfd7 6. Bd3 c5 7. c3 b6 8. Nf1
Ba6 9. Bxa6 Nxa6 10. Ng3 cxd4 11. cxd4 Rc8 12. O-O O-O 13. Nh5 g6 14. Ng3 Nb4
15. Bh6 Re8 16. a3 Nc6 17. Qd2 f5 18. exf6 Bxf6 19. b4 b5 20. Rfe1 Nb6 21. Qf4
Nc4 22. h4 e5 23. dxe5 N6xe5 24. Ng5 Nb2 25. Qd2 Qd7 26. Rab1 Nbc4 27. Qf4 Ng4
28. Nf3 Nxa3 29. Rxe8+ Rxe8 30. Rd1 Nc4 31. Bg5 Bc3 32. h5 Bxb4 33. hxg6 hxg6
34. Qd4 Qe6 35. Qxa7 Qb6 36. Qd7 Qe6 37. Qxb5 Ba5 38. Qxd5 Qxd5 39. Rxd5 Bb6
40. Nh1 Re2 41. Bh4 Rb2 42. Rd1 Nce3 43. fxe3 Nxe3 44. Rd2 Rxd2 1/2-1/2

[Event "FRA Team Ch"]
[Site "SAUTRON"]
[Date "2002.??.??"]
[Round "6.6"]
[White "Vaisser, Anatoly"]
[Black "Baburin, Alexander"]
[Result "1/2-1/2"]
[WhiteElo "2572"]
[BlackElo "2565"]
[PlyCount "55"]
[EventDate "2002.03.??"]
[WhiteTeam "Nice"]
[BlackTeam "Monaco"]

1. c4 e5 2. Nc3 Nf6 3. Nf3 Nc6 4. d4 exd4 5. Nxd4 Bb4 6. Bg5 h6 7. Bh4 Bxc3+ 8.
bxc3 Ne5 9. f4 Ng6 10. Bxf6 Qxf6 11. g3 O-O 12. Bg2 d6 13. O-O Re8 14. Rb1 c6
15. Qd3 Nf8 16. Rfd1 Nd7 17. Nxc6 Nc5 18. Qxd6 Qxd6 19. Rxd6 bxc6 20. Bxc6 Bg4
21. Bxa8 Rxa8 22. Rbd1 Ne6 23. R1d5 Bxe2 24. f5 Bxc4 25. fxe6 Bxd5 26. e7 Re8
27. Rxd5 Rxe7 28. Kf2 1/2-1/2

[Event "FRA Team Ch"]
[Site "SAUTRON"]
[Date "2002.??.??"]
[Round "6.7"]
[White "Rotstein, Arkadij"]
[Black "Bujisho, Benjamin"]
[Result "1-0"]
[WhiteElo "2526"]
[BlackElo "2358"]
[PlyCount "113"]
[EventDate "2002.03.??"]
[WhiteTeam "Monaco"]
[BlackTeam "Nice"]

1. c4 Nf6 2. Nc3 g6 3. e4 d6 4. d4 Bg7 5. Nf3 O-O 6. Be2 e5 7. Be3 Nbd7 8. O-O
exd4 9. Nxd4 Re8 10. Qc2 Nc5 11. f3 Ne6 12. Rad1 Nxd4 13. Bxd4 Bd7 14. Kh1 Bc6
15. b4 Qc8 16. Qb2 b6 17. Nd5 Bxd5 18. cxd5 Nh5 19. Bxg7 Nxg7 20. Bb5 Re7 21.
Rfe1 a5 22. Bc6 Ra7 23. b5 Qf8 24. e5 a4 25. e6 a3 26. Qb4 fxe6 27. dxe6 Qf6
28. Bd5 Ra5 29. Rc1 Nf5 30. Rxc7 Kg7 31. Rxe7+ Nxe7 32. Bb3 d5 33. h3 h5 34.
Rc1 Ra7 35. Qd6 Qb2 36. Rd1 Nf5 37. Qxb6 Re7 38. Bxd5 Qe2 39. Qg1 Qe5 40. Qe1
Qd6 41. g4 Ng3+ 42. Kg2 h4 43. Qc3+ Kh7 44. Bb3 Qb8 45. Re1 Ne2 46. Rxe2 Qg3+
47. Kf1 Qxh3+ 48. Kg1 Qg3+ 49. Rg2 Qf4 50. Qe1 h3 51. Qh4+ Kg8 52. Qxe7 Qc1+
53. Kh2 Qf4+ 54. Rg3 Qd2+ 55. Kxh3 Qh6+ 56. Qh4 g5 57. e7+ 1-0

[Event "FRA Team Ch"]
[Site "SAUTRON"]
[Date "2002.??.??"]
[Round "6.8"]
[White "Brochet, Philippe"]
[Black "Miralles, Gilles"]
[Result "1/2-1/2"]
[WhiteElo "2381"]
[BlackElo "2467"]
[PlyCount "100"]
[EventDate "2002.03.??"]
[WhiteTeam "Nice"]
[BlackTeam "Monaco"]

1. e4 e5 2. Nf3 Nc6 3. c3 Nf6 4. d4 Nxe4 5. d5 Ne7 6. Nxe5 Ng6 7. Nxg6 hxg6 8.
Qe2 Qe7 9. Bf4 Rh5 10. g4 Rxd5 11. Bg2 Nc5 12. Qxe7+ Bxe7 13. Bxd5 Nd3+ 14. Kd2
Nxf4 15. c4 d6 16. Nc3 c6 17. Bf3 g5 18. b3 Be6 19. Ne2 Ng6 20. Nd4 Bf6 21.
Nxe6 fxe6 22. Rae1 Kf7 23. b4 a6 24. Re3 d5 25. cxd5 exd5 26. a4 Nf4 27. Bd1
Rh8 28. Rf3 Rh4 29. h3 Be7 30. Kc3 Bd6 31. Bb3 Ke6 32. Bc2 Be5+ 33. Kb3 Kd6 34.
Bf5 b6 35. Re1 a5 36. bxa5 bxa5 37. Kc2 Rxh3 38. Rfe3 Bf6 39. Rxh3 Nxh3 40. Re8
Nxf2 41. Ra8 g6 42. Bxg6 Nxg4 43. Rxa5 Ne3+ 44. Kc1 Bb2+ 45. Kb1 Bc3 46. Ra6
Nc4 47. Ra8 Na5 48. Rg8 Kc5 49. Kc2 Be5 50. Bh5 Bf4 1/2-1/2

[Event "FRA Team Ch"]
[Site "SAUTRON"]
[Date "2002.??.??"]
[Round "6.9"]
[White "Lallemand, Roza"]
[Black "Nicoara, Malina"]
[Result "0-1"]
[WhiteElo "2291"]
[BlackElo "2225"]
[PlyCount "80"]
[EventDate "2002.03.??"]
[WhiteTeam "Monaco"]
[BlackTeam "Nice"]

1. e4 c5 2. Nf3 Nc6 3. Bb5 g6 4. O-O Bg7 5. c3 Nf6 6. Re1 O-O 7. d4 Qb6 8. Bxc6
bxc6 9. e5 Ne8 10. Nbd2 cxd4 11. cxd4 d6 12. Nc4 Qb4 13. b3 Bg4 14. Ba3 Qb8 15.
h3 Be6 16. Ng5 Bxc4 17. bxc4 c5 18. exd6 exd6 19. Rb1 Qd8 20. Nf3 Qa5 21. Re3
cxd4 22. Nxd4 Rc8 23. Qd3 Qa4 24. Rb4 Qa6 25. Nb5 Be5 26. Rb1 Ng7 27. Bxd6 Bxd6
28. Nxd6 Rcd8 29. c5 Qxa2 30. Qb5 Ne6 31. Ree1 Qd5 32. Ne4 Kg7 33. Qb2+ f6 34.
Nc3 Qc4 35. Re4 Rd4 36. Rxd4 Nxd4 37. Qb4 Qxc3 38. Qb7+ Rf7 39. Qd5 Ne2+ 40.
Kf1 Nf4 0-1

[Event "FRA Team Ch"]
[Site "SAUTRON"]
[Date "2002.??.??"]
[Round "6.2"]
[White "Hamdouchi, Hichem"]
[Black "Dgebuadze, Alexandre"]
[Result "1-0"]
[WhiteElo "2522"]
[BlackElo "2544"]
[PlyCount "97"]
[EventDate "2002.03.??"]
[WhiteTeam "Montpellier"]
[BlackTeam "Sautron"]

1. e4 c5 2. Nc3 Nc6 3. Bb5 d6 4. Bxc6+ bxc6 5. d3 e5 6. f4 exf4 7. Bxf4 Ne7 8.
Qh5 Ng6 9. Bg5 Qb6 10. O-O-O Rb8 11. b3 c4 12. Qe2 cxb3 13. cxb3 Qc5 14. Qd2
Be6 15. Be3 Qa3+ 16. Qb2 Qa6 17. Nf3 Be7 18. Kb1 O-O 19. Nd4 Bf6 20. Nxe6 fxe6
21. d4 Be7 22. Qe2 Qa5 23. Bd2 Qd8 24. h4 Qc8 25. g3 c5 26. h5 Nh8 27. dxc5
Qxc5 28. h6 g6 29. Rc1 Qa3 30. Qc4 d5 31. exd5 Rb4 32. Nb5 Rxc4 33. Nxa3 Rxc1+
34. Bxc1 exd5 35. Nb5 a6 36. Nc7 Rd8 37. Re1 Bf8 38. Rd1 Nf7 39. Nxd5 Rd6 40.
Bb2 Nxh6 41. Nf6+ Kf7 42. Rf1 Nf5 43. Nxh7 Be7 44. g4 Kg8 45. gxf5 Kxh7 46.
Rh1+ Kg8 47. Rh8+ Kf7 48. Rh7+ Ke8 49. Ba3 1-0

[Event "FRA Team Ch"]
[Site "SAUTRON"]
[Date "2002.??.??"]
[Round "6.3"]
[White "Belkhodja, Slim"]
[Black "Prie, Eric"]
[Result "1/2-1/2"]
[WhiteElo "2506"]
[BlackElo "2497"]
[PlyCount "35"]
[EventDate "2002.03.??"]
[WhiteTeam "Sautron"]
[BlackTeam "Montpellier"]

1. e4 c5 2. Nf3 g6 3. c3 Bg7 4. d4 cxd4 5. cxd4 d5 6. exd5 Nf6 7. Bb5+ Nbd7 8.
d6 exd6 9. Qe2+ Qe7 10. Bf4 Qxe2+ 11. Bxe2 d5 12. Nc3 O-O 13. O-O Nb6 14. Ne5
Be6 15. Bf3 Rfd8 16. Rfe1 Rac8 17. h3 Ne4 18. Nxe4 1/2-1/2

[Event "FRA Team Ch"]
[Site "SAUTRON"]
[Date "2002.??.??"]
[Round "6.4"]
[White "Shchekachev, Andrei"]
[Black "Bunzmann, Dimitrij"]
[Result "1/2-1/2"]
[WhiteElo "2573"]
[BlackElo "2469"]
[PlyCount "43"]
[EventDate "2002.03.??"]
[WhiteTeam "Montpellier"]
[BlackTeam "Sautron"]

1. Nf3 Nf6 2. c4 e6 3. d4 b6 4. g3 Bb4+ 5. Bd2 Be7 6. Bg2 c6 7. O-O d5 8. Qc2
O-O 9. Bf4 Bb7 10. Rd1 Nbd7 11. Ne5 Rc8 12. Nc3 Nh5 13. Bc1 Qc7 14. Nxd7 Qxd7
15. e4 Nf6 16. e5 Ne8 17. Qa4 Nc7 18. h4 a6 19. Qb3 b5 20. c5 a5 21. Ne2 f5 22.
Nf4 1/2-1/2

[Event "FRA Team Ch"]
[Site "SAUTRON"]
[Date "2002.??.??"]
[Round "6.5"]
[White "Mullon, Jean-Baptiste"]
[Black "Santo-Roman, Marc"]
[Result "0-1"]
[WhiteElo "2296"]
[BlackElo "2413"]
[PlyCount "91"]
[EventDate "2002.03.??"]
[WhiteTeam "Sautron"]
[BlackTeam "Montpellier"]

1. e4 c5 2. Nf3 e6 3. d4 cxd4 4. Nxd4 Qb6 5. Nb3 d6 6. c4 Nf6 7. Nc3 Nbd7 8.
Be2 Be7 9. Be3 Qc7 10. Qd2 O-O 11. Rc1 b6 12. O-O Bb7 13. f3 Rad8 14. Rfd1 Qb8
15. Qe1 Rfe8 16. Qf2 Bf8 17. a4 Rc8 18. a5 Nc5 19. Nxc5 bxc5 20. Bd3 Bc6 21.
Bg5 Nd7 22. f4 Qc7 23. e5 dxe5 24. f5 g6 25. fxe6 Rxe6 26. Nd5 Qb7 27. Rf1 f5
28. a6 Qxa6 29. Bxf5 gxf5 30. Qxf5 Rg6 31. Rc3 Bxd5 32. cxd5 Qd6 33. Rh3 Kh8
34. Rff3 Rg7 35. Bh6 Re7 36. Bg5 Rce8 37. Bxe7 Rxe7 38. Rhg3 Bg7 39. Qg5 e4 40.
Rb3 Qe5 41. Qg4 Qxd5 42. Kh1 c4 43. Rb4 e3 44. Rxc4 e2 45. h4 e1=Q+ 46. Kh2 0-1

[Event "FRA Team Ch"]
[Site "SAUTRON"]
[Date "2002.??.??"]
[Round "6.6"]
[White "Flear, Glenn C"]
[Black "Gerard, Nicolas"]
[Result "1-0"]
[WhiteElo "2511"]
[BlackElo "2273"]
[PlyCount "63"]
[EventDate "2002.03.??"]
[WhiteTeam "Montpellier"]
[BlackTeam "Sautron"]

1. d4 Nf6 2. c4 g6 3. Nc3 d5 4. Bf4 Bg7 5. e3 c5 6. dxc5 Qa5 7. Rc1 Ne4 8. cxd5
Nxc3 9. Qd2 Qxa2 10. bxc3 Qa5 11. Bc4 Nd7 12. Nf3 Nxc5 13. O-O Ne4 14. Qc2 Nd6
15. Bxd6 exd6 16. Qe4+ Kf8 17. Qf4 Qd8 18. e4 Qf6 19. Qe3 Kg8 20. Nd4 h6 21. f4
Qe7 22. e5 Kh7 23. Rce1 a6 24. e6 Bxd4 25. Qxd4 b5 26. f5 f6 27. fxg6+ Kg7 28.
Bd3 Bb7 29. Rf5 Rac8 30. Ref1 Rhf8 31. g4 Rc5 32. h4 1-0

[Event "FRA Team Ch"]
[Site "SAUTRON"]
[Date "2002.??.??"]
[Round "6.7"]
[White "Sorin, Maxime"]
[Black "Letreguilly, Olivier"]
[Result "1-0"]
[WhiteElo "2303"]
[BlackElo "2306"]
[PlyCount "87"]
[EventDate "2002.03.??"]
[WhiteTeam "Sautron"]
[BlackTeam "Montpellier"]

1. e4 e6 2. d3 c5 3. Nf3 Nc6 4. g3 d5 5. Qe2 Nge7 6. Bg2 g6 7. e5 Bg7 8. O-O
Qc7 9. Bf4 b6 10. c3 h6 11. h4 Ba6 12. Re1 O-O-O 13. Nbd2 g5 14. hxg5 Ng6 15.
Be3 hxg5 16. Bxg5 Rdg8 17. c4 Ngxe5 18. Bf4 f6 19. Rac1 Bh6 20. Bxh6 Rxh6 21.
Nxe5 Nxe5 22. Nf3 Nxf3+ 23. Qxf3 f5 24. cxd5 exd5 25. Qxf5+ Qd7 26. Qxd7+ Kxd7
27. Bxd5 Rd8 28. Bf3 Bxd3 29. Rcd1 Rd6 30. Be4 c4 31. Bxd3 cxd3 32. Rd2 Kc6 33.
Rc1+ Kb5 34. Kg2 a5 35. Rc3 a4 36. f4 Rc6 37. Rxc6 Kxc6 38. Kf3 Kc5 39. a3 Kd4
40. f5 Rc8 41. g4 Rc1 42. f6 Ke5 43. f7 Rc8 44. Ke3 1-0

[Event "FRA Team Ch"]
[Site "SAUTRON"]
[Date "2002.??.??"]
[Round "6.8"]
[White "Sarthou, Gaetan"]
[Black "Crouan, Stephane"]
[Result "1-0"]
[WhiteElo "2369"]
[BlackElo "2307"]
[PlyCount "189"]
[EventDate "2002.03.??"]
[WhiteTeam "Montpellier"]
[BlackTeam "Sautron"]

1. c4 e5 2. Nc3 Nf6 3. Nf3 Nc6 4. g3 d5 5. cxd5 Nxd5 6. Bg2 Nb6 7. O-O Be6 8.
d3 Be7 9. Be3 O-O 10. Nd2 Nd5 11. Nxd5 Bxd5 12. Bxd5 Qxd5 13. Qb3 Qxb3 14. Nxb3
Nb4 15. Rfc1 Nd5 16. Bd2 c6 17. a3 Rfe8 18. Rc2 Rad8 19. Na5 Rd7 20. b4 f6 21.
e4 Nb6 22. Be3 Rb8 23. Rd1 Rbd8 24. Rc3 Nc8 25. Rb3 Nd6 26. Rc1 Nb5 27. a4 Nd4
28. Bxd4 Rxd4 29. Nxb7 Rxd3 30. Nxd8 Rxb3 31. Nxc6 Bxb4 32. Nxa7 Ra3 33. Rc8+
Kf7 34. Rc7+ Kg6 35. Nc6 Rxa4 36. Nd8 Ra6 37. Nf7 h5 38. f4 exf4 39. gxf4 Ra7
40. f5+ Kh7 41. Rxa7 Bc5+ 42. Kg2 Bxa7 43. Nd8 g6 44. Ne6 gxf5 45. exf5 Kh6 46.
Kf3 Bb8 47. h3 Be5 48. Ke4 Kh7 49. Kd5 Kg8 50. Kc6 Kf7 51. Kd7 Bg3 52. Nc5 Bf4
53. Ne4 Be5 54. Nd6+ Kg7 55. Ke6 Bd4 56. Ne4 Be5 57. Ke7 Bf4 58. Nc5 Be5 59.
Ne6+ Kg8 60. Nc5 Kg7 61. Ne4 Bf4 62. Ke6 Be5 63. Nd6 Kf8 64. Nc4 Bd4 65. Nd2
Kg7 66. Ne4 Be5 67. Nc5 Bd4 68. Kd5 Be5 69. Ne4 Bf4 70. Kc4 Kf7 71. Kd4 Ke7 72.
Kd3 Kf7 73. Nc5 Be5 74. Ne6 Kg8 75. Ke3 Kh7 76. Ke4 Bc3 77. Kd5 Be5 78. Nc5 Kg7
79. Nd3 Bg3 80. Ke6 Bh2 81. Ke7 Bg3 82. Nc5 Be5 83. Ne4 Bd4 84. Nd6 Be5 85. Nf7
Bg3 86. Ke6 Bf2 87. Nd6 Bd4 88. Ne8+ Kh6 89. Nxf6 Kg5 90. Nd7 Kh4 $4 91. Ne5
Kxh3 92. f6 Kg3 93. f7 Bc5 94. Ng6 h4 95. Ne7 1-0

[Event "FRA Team Ch"]
[Site "SAUTRON"]
[Date "2002.??.??"]
[Round "6.9"]
[White "Marchadour, Claire"]
[Black "Flear, Christine"]
[Result "0-1"]
[WhiteElo "2127"]
[BlackElo "2164"]
[PlyCount "142"]
[EventDate "2002.03.??"]
[WhiteTeam "Sautron"]
[BlackTeam "Montpellier"]

1. e4 c5 2. Nf3 e6 3. d4 cxd4 4. Nxd4 a6 5. Bd3 g6 6. Be3 Bg7 7. c4 Ne7 8. Nc3
Nbc6 9. Nxc6 bxc6 10. Be2 d6 11. Qd2 Rb8 12. O-O O-O 13. Rab1 c5 14. Bf4 e5 15.
Bg5 f6 16. Be3 Qd7 17. Rfd1 Rd8 18. b3 Nc6 19. Nd5 Nd4 20. Bd3 Bb7 21. b4 Bc6
22. bxc5 dxc5 23. Qa5 Qa7 24. Rb2 Rxb2 25. Qxd8+ Kf7 26. Qd6 Bxd5 27. cxd5 Bf8
28. Qd8 Qb6 29. Qd7+ Be7 30. Bc4 Qd6 31. Qc8 Kg7 32. Qh3 h5 33. Qc8 a5 34. Qa8
Bd8 35. Bd2 Qb6 36. h4 Rc2 37. Qc8 Qc7 38. Qa6 Qb6 39. Qc8 Qc7 40. Qa6 Qb6 41.
Qxb6 Bxb6 42. Rb1 Rxd2 43. Rxb6 Ne2+ 44. Kf1 Nc3 45. f3 Rd4 46. Ba6 Nxa2 47. d6
c4 48. d7 Rxd7 49. Bxc4 Nb4 50. Rb8 Nc2 51. Bb3 Nd4 52. Bd5 Ra7 53. Rg8+ Kh7
54. Rf8 a4 55. Rxf6 a3 56. Rf7+ Rxf7 57. Bxf7 Nc2 58. Ke2 Nb4 59. f4 exf4 60.
Kf3 a2 61. Bxa2 Nxa2 62. Kxf4 Nc3 63. e5 Nd5+ 64. Kg5 Kg7 65. g4 hxg4 66. Kxg4
Kh6 67. Kh3 Kh5 68. Kg3 Ne7 69. Kh3 Nf5 70. e6 Ne7 71. Kg3 Nd5 0-1

[Event "FRA Team Ch"]
[Site "SAUTRON"]
[Date "2002.??.??"]
[Round "6.1"]
[White "Gurevich, Mikhail"]
[Black "Oms Pallise, Josep"]
[Result "1/2-1/2"]
[WhiteElo "2641"]
[BlackElo "2424"]
[PlyCount "68"]
[EventDate "2002.03.??"]
[WhiteTeam "Gonfreville"]
[BlackTeam "Toulouse"]

1. d4 Nf6 2. c4 e6 3. Nc3 d5 4. Bg5 Nbd7 5. e3 Be7 6. Nf3 O-O 7. Rc1 dxc4 8.
Bxc4 a6 9. e4 b5 10. Bd3 Bb7 11. e5 Nd5 12. Bxe7 Qxe7 13. O-O Nxc3 14. Rxc3 c5
15. Bb1 Rac8 16. Qd3 g6 17. Rfc1 cxd4 18. Rxc8 Rxc8 19. Rxc8+ Bxc8 20. Qxd4 Bb7
21. Be4 Bxe4 22. Qxe4 Qc5 23. g3 Qc1+ 24. Kg2 Qc8 25. h4 h5 26. Ng5 Qc5 27.
Qa8+ Kg7 28. Qxa6 Qd5+ 29. Kg1 Nxe5 30. Qa7 Qd1+ 31. Kg2 Qd5+ 32. Kg1 Qd1+ 33.
Kg2 Qd5+ 34. Kg1 Qd1+ 1/2-1/2

[Event "FRA Team Ch"]
[Site "SAUTRON"]
[Date "2002.??.??"]
[Round "6.2"]
[White "Arizmendi Martinez, Julen Luis"]
[Black "Bologan, Viktor"]
[Result "1/2-1/2"]
[WhiteElo "2497"]
[BlackElo "2651"]
[PlyCount "50"]
[EventDate "2002.03.??"]
[WhiteTeam "Toulouse"]
[BlackTeam "Gonfreville"]

1. e4 c5 2. Nf3 e6 3. Nc3 a6 4. d4 cxd4 5. Nxd4 b5 6. Bd3 d6 7. O-O Nf6 8. a4
b4 9. Na2 Qb6 10. Re1 Be7 11. Be3 Qb7 12. Bd2 e5 13. Nf5 Bxf5 14. exf5 Nc6 15.
Bg5 d5 16. c4 bxc3 17. Nxc3 Rd8 18. Qe2 Nb4 19. Rad1 h6 20. Bh4 e4 21. Bxf6
gxf6 22. Bb1 Kf8 23. Kh1 Bd6 24. h3 Bb8 25. Nxe4 d4 1/2-1/2

[Event "FRA Team Ch"]
[Site "SAUTRON"]
[Date "2002.??.??"]
[Round "6.3"]
[White "Rausis, Igors"]
[Black "Bricard, Emmanuel"]
[Result "1-0"]
[WhiteElo "2466"]
[BlackElo "2443"]
[PlyCount "83"]
[EventDate "2002.03.??"]
[WhiteTeam "Gonfreville"]
[BlackTeam "Toulouse"]

1. e4 g6 2. d4 Bg7 3. c3 d6 4. Bg5 f6 5. Bh4 Nh6 6. Bc4 c6 7. Nd2 Na6 8. Ne2
Nc7 9. Qc2 b6 10. O-O-O Bb7 11. h3 Qd7 12. g4 O-O-O 13. Rhe1 Kb8 14. Bg3 Ka8
15. Bb3 e6 16. f4 Nf7 17. Nf3 d5 18. f5 gxf5 19. gxf5 exf5 20. Bxc7 Qxc7 21.
exd5 cxd5 22. Qxf5 Nd6 23. Qf4 Qd7 24. Qg4 Qf7 25. Nf4 h5 26. Qh4 Nf5 27. Qf2
Bh6 28. Nd2 Rd6 29. Nxd5 Qh7 30. Nb4 Nxd4 31. cxd4 Rc8+ 32. Bc2 Rxc2+ 33. Nxc2
Rc6 34. Re8+ Bc8 35. Rxc8+ Rxc8 36. Qf3+ Kb8 37. Qb3 Qe4 38. a4 Qe2 39. Qg3+
Kb7 40. h4 Qc4 41. Qg6 f5 42. Qxf5 1-0

[Event "FRA Team Ch"]
[Site "SAUTRON"]
[Date "2002.??.??"]
[Round "6.4"]
[White "Van Elst, Andreas"]
[Black "Beikert, Guenther"]
[Result "1/2-1/2"]
[WhiteElo "2298"]
[BlackElo "2438"]
[PlyCount "78"]
[EventDate "2002.03.??"]
[WhiteTeam "Toulouse"]
[BlackTeam "Gonfreville"]

1. d4 d5 2. c4 c6 3. Nc3 Nf6 4. e3 a6 5. Qc2 Bg4 6. b3 e6 7. Bd3 Nbd7 8. Nge2
Bd6 9. Bb2 Bh5 10. Ng3 Bg6 11. e4 dxe4 12. Ncxe4 Bb4+ 13. Ke2 O-O 14. a3 Be7
15. Rhe1 Nxe4 16. Bxe4 Bxe4 17. Qxe4 Nf6 18. Qc2 b5 19. Kf1 bxc4 20. bxc4 Rb8
21. Bc3 Re8 22. Red1 Qc7 23. Kg1 Bd6 24. Nf1 Rb7 25. h3 Reb8 26. Ne3 Bf4 27.
Nf1 h6 28. Rab1 Bd6 29. a4 Bb4 30. Bxb4 Rxb4 31. Rxb4 Rxb4 32. Rb1 Qb6 33. Rxb4
Qxb4 34. Ne3 Nd7 35. d5 cxd5 36. cxd5 exd5 37. Qc8+ Nf8 38. Qxa6 d4 39. Nf1 d3
1/2-1/2

[Event "FRA Team Ch"]
[Site "SAUTRON"]
[Date "2002.??.??"]
[Round "6.5"]
[White "Eliet, Nicolas"]
[Black "Boyd, Stephen"]
[Result "1-0"]
[WhiteElo "2401"]
[BlackElo "2362"]
[PlyCount "125"]
[EventDate "2002.03.??"]
[WhiteTeam "Gonfreville"]
[BlackTeam "Toulouse"]

1. d4 Nf6 2. c4 g6 3. Nc3 Bg7 4. Bg5 O-O 5. Qd2 c5 6. d5 e6 7. e4 exd5 8. cxd5
d6 9. Bd3 a6 10. a4 Nbd7 11. Nf3 Re8 12. O-O Qc7 13. h3 Rb8 14. a5 b5 15. axb6
Rxb6 16. Rfe1 c4 17. Bb1 Nc5 18. Ra2 Qb8 19. Nd4 Nb3 20. Nxb3 Rxb3 21. Qc1 Nd7
22. Bc2 Nc5 23. Be3 Nd3 24. Bxd3 cxd3 25. Qd2 f5 26. f3 fxe4 27. fxe4 Bd7 28.
Qxd3 Rxb2 29. Rxb2 Qxb2 30. Bd4 Bb5 31. Qe3 Qb4 32. Bxg7 Kxg7 33. Nd1 Re7 34.
Nf2 h5 35. Rc1 Qb2 36. Rc3 Qb4 37. Kh2 Kh7 38. Rc8 Qb2 39. Qf4 Qe5 40. Qxe5
dxe5 41. h4 Ra7 42. Nh3 Bd7 43. Ng5+ Kg7 44. Rc3 a5 45. Nf3 Kf6 46. Nd2 a4 47.
Nc4 Rc7 48. Rf3+ Bf5 49. Na3 Rb7 50. exf5 gxf5 51. Rc3 e4 52. Rc4 Ra7 53. d6
Ke6 54. Rd4 Rd7 55. Nc4 a3 56. Nxa3 Rxd6 57. Rxd6+ Kxd6 58. Kg3 Ke5 59. Nc2 f4+
60. Kf2 Kf5 61. g3 f3 62. Ne3+ Kf6 63. Nf1 1-0